[Event "Dushanbe zt 3.4"]
[Site "Dushanbe"]
[Date "2015.06.11"]
[Round "8"]
[White "Ibrohimov, Ikrom"]
[Black "Ismailov, Timur"]
[Result "1-0"]
[WhiteElo "2243"]
[BlackElo "1990"]
[PlyCount "56"]
[EventDate "2015.06.04"]
[EventType "swiss"]
[EventRounds "9"]
[EventCountry "TJK"]
[SourceTitle "CBM 167 Extra"]
[Source "ChessBase"]
[SourceDate "2015.09.14"]
[SourceVersion "1"]
[SourceVersionDate "2015.09.14"]
[SourceQuality "1"]

1. d4 Nf6 2. Nf3 d5 3. c4 c6 4. e3 e6 5. Nbd2 Nbd7 6. Bd3 c5 7. 0-0 cxd4 8. Nxd4 Ne5 9. Be2 a6 10. b3 dxc4 11. Nxc4 Nxc4 12. Bxc4 Bd6 13. Bb2 0-0 14. Qf3 Qe7 15. a4 Nd7 16. Qh5 Re8 17. Nf3 Nf8 18. Rfd1 h6 19. Rd4 Bc7 20. Ne5 f6 21. Ba3 g6 22. Nxg6 Qf7 23. Rg4 Kh7 24. Bxf8 Rxf8 25. Nxf8+ Qxf8 26. Qg6+ Kh8 27. Rh4 Qg7 28. Rxh6+ Kg8 1-0

[Event "Dushanbe zt 3.4"]
[Site "Dushanbe"]
[Date "2015.06.04"]
[Round "1"]
[White "Khusnutdinov, Rustam"]
[Black "Ibrohimov, Ikrom"]
[Result "1-0"]
[WhiteElo "2504"]
[BlackElo "2243"]
[PlyCount "99"]
[EventDate "2015.06.04"]
[EventType "swiss"]
[EventRounds "9"]
[EventCountry "TJK"]
[SourceTitle "CBM 167 Extra"]
[Source "ChessBase"]
[SourceDate "2015.09.14"]
[SourceVersion "1"]
[SourceVersionDate "2015.09.14"]
[SourceQuality "1"]

1. e4 c5 2. Nf3 Nc6 3. Bb5 Qb6 4. Na3 g6 5. 0-0 Bg7 6. Re1 d6 7. h3 a6 8. Bf1 e5 9. c3 Nge7 10. d4 Qc7 11. Be3 b6 12. dxc5 dxc5 13. b4 cxb4 14. Nc4 0-0 15. Bxb6 Qd7 16. cxb4 Nxb4 17. Bc5 Qxd1 18. Rexd1 Nbc6 19. Nb6 Rb8 20. Nxc8 Rbxc8 21. Bxa6 Ra8 22. Bb5 Rfb8 23. a4 Rb7 24. Rac1 Na5 25. Bd6 Nb3 26. Rb1 Nd4 27. Nxe5 Nc8 28. Bc5 Ne6 29. Nd3 Ne7 30. Be3 Bd4 31. Bxd4 Nxd4 32. Nc5 Rc7 33. Na6 Nxb5 34. Nxc7 Nxc7 35. Rd7 Rxa4 36. Rxe7 Ne6 37. Rbb7 Rxe4 38. Rxf7 Nd8 39. Rfe7 Rxe7 40. Rxe7 Nf7 41. f4 h5 42. Kf2 Kg7 43. Re6 Kh7 44. Kf3 Kg7 45. Ke4 Nh6 46. Ra6 h4 47. Kf3 Kf7 48. Ra5 Kf6 49. Rg5 Nf5 50. Kg4 1-0

[Event "Central Asia Cup 3rd"]
[Site "Dushanbe"]
[Date "2013.10.19"]
[Round "8"]
[White "Ibrohimov, Ikrom"]
[Black "Antonova, Nadezhda"]
[Result "1-0"]
[WhiteElo "2212"]
[BlackElo "1944"]
[PlyCount "77"]
[EventDate "2013.10.12"]
[EventType "swiss"]
[EventRounds "9"]
[EventCountry "TJK"]
[SourceTitle "EXT 2014"]
[Source "ChessBase"]
[SourceDate "2013.11.20"]
[SourceVersion "1"]
[SourceVersionDate "2013.11.20"]
[SourceQuality "1"]

1. g3 Nf6 2. Bg2 g6 3. d3 d5 4. f4 Bg7 5. Nf3 0-0 6. 0-0 c5 7. c3 Nc6 8. Kh1 Qd6 9. Qc2 d4 10. e4 dxe3 11. Bxe3 Bf5 12. Ne5 Nd5 13. Bg1 Nxe5 14. fxe5 Bxe5 15. Nd2 Nb6 16. Ne4 Bxe4 17. Bxe4 Qc7 18. a4 a5 19. Qb3 Rab8 20. d4 Bd6 21. Be3 Kg7 22. Rae1 Nd7 23. Bg2 Nf6 24. Qd1 b6 25. Qf3 Qd7 26. b3 h6 27. c4 Ne8 28. Rf2 Nf6 29. Rfe2 Rbd8 30. dxc5 bxc5 31. Bd2 Qc7 32. Bc3 Rb8 33. Rf1 Kh7 34. Bxf6 exf6 35. Qxf6 Rxb3 36. Bd5 Rg8 37. Bxf7 Rg7 38. Re8 Rb8 39. Bxg6+ 1-0

[Event "Dubai op 15th"]
[Site "Dubai"]
[Date "2013.04.13"]
[Round "6"]
[White "Prathamesh, Sunil Mokal"]
[Black "Ibrohimov, Ikrom"]
[Result "1-0"]
[WhiteElo "2389"]
[BlackElo "2212"]
[PlyCount "47"]
[EventDate "2013.04.07"]
[EventType "swiss"]
[EventRounds "9"]
[EventCountry "UAE"]
[SourceTitle "CBM 153 Extra"]
[Source "ChessBase"]
[SourceDate "2013.04.22"]
[SourceVersion "1"]
[SourceVersionDate "2013.04.22"]
[SourceQuality "1"]

1. e4 e5 2. Nf3 Nc6 3. Bb5 f5 4. Nc3 fxe4 5. Nxe4 d5 6. Nxe5 dxe4 7. Nxc6 Qd5 8. c4 Qd6 9. Nxa7+ c6 10. Nxc8 Rxc8 11. Ba4 Qg6 12. 0-0 Bd6 13. Bc2 Nf6 14. h3 0-0 15. d4 Rce8 16. a4 Nh5 17. Qg4 Qf7 18. c5 Ng3 19. Ra3 h5 20. Qd1 Qg6 21. fxg3 Bxg3 22. Rxf8+ Rxf8 23. Rxg3 Qxg3 24. Bb3+ 1-0

[Event "Dubai op 14th"]
[Site "Dubai"]
[Date "2012.04.15"]
[Round "1"]
[White "Ibrohimov, Ikrom"]
[Black "Sokolov, Ivan"]
[Result "0-1"]
[WhiteElo "2205"]
[BlackElo "2653"]
[PlyCount "50"]
[EventDate "2012.04.15"]
[EventType "swiss"]
[EventRounds "9"]
[EventCountry "UAE"]
[SourceTitle "CBM 148 Extra"]
[Source "ChessBase"]
[SourceDate "2012.06.22"]
[SourceVersion "1"]
[SourceVersionDate "2012.06.22"]
[SourceQuality "1"]

1. d4 d5 2. Bg5 f6 3. Bh4 Nh6 4. f3 c5 5. dxc5 Nf5 6. Bf2 d4 7. g4 Ne3 8. Bxe3 dxe3 9. Qxd8+ Kxd8 10. Nc3 e5 11. 0-0-0+ Bd7 12. g5 f5 13. Rd5 Nc6 14. Bh3 g6 15. f4 exf4 16. Nf3 Ke7 17. Nb5 Bg7 18. a3 Be6 19. Rd6 Bc4 20. Nfd4 Nxd4 21. Nxd4 Rad8 22. Rd1 Bxd4 23. R1xd4 Bxe2 24. Rxf4 Rxd6 25. cxd6+ Kxd6 0-1

[Event "Dubai op 13th"]
[Site "Dubai"]
[Date "2011.04.14"]
[Round "5"]
[White "Nitin, Senthilvel"]
[Black "Ibrohimov, Ikrom"]
[Result "1/2-1/2"]
[WhiteElo "2365"]
[BlackElo "2184"]
[PlyCount "47"]
[EventDate "2011.04.10"]
[EventType "swiss"]
[EventRounds "9"]
[EventCountry "UAE"]
[SourceTitle "CBM 141 Extra"]
[Source "ChessBase"]
[SourceDate "2011.05.03"]
[SourceVersion "1"]
[SourceVersionDate "2011.05.03"]
[SourceQuality "1"]

1. e4 g6 2. d4 Bg7 3. Nc3 d6 4. Be3 a6 5. Qd2 Nd7 6. a4 b6 7. f3 e6 8. Nge2 h6 9. g4 h5 10. gxh5 Rxh5 11. Ng3 Rh8 12. Bg5 Bf6 13. f4 Bb7 14. Bg2 e5 15. Bxf6 Ngxf6 16. 0-0-0 Qe7 17. dxe5 dxe5 18. Nd5 Nxd5 19. exd5 0-0-0 20. d6 Qxd6 21. Bxb7+ Kxb7 22. Qxd6 cxd6 23. Ne4 Kc7 24. Nxd6 1/2-1/2

[Event "Dubai op 13th"]
[Site "Dubai"]
[Date "2011.04.13"]
[Round "4"]
[White "Ibrohimov, Ikrom"]
[Black "Ashwin, Jayaram"]
[Result "0-1"]
[WhiteElo "2184"]
[BlackElo "2439"]
[PlyCount "130"]
[EventDate "2011.04.10"]
[EventType "swiss"]
[EventRounds "9"]
[EventCountry "UAE"]
[SourceTitle "CBM 141 Extra"]
[Source "ChessBase"]
[SourceDate "2011.05.03"]
[SourceVersion "1"]
[SourceVersionDate "2011.05.03"]
[SourceQuality "1"]

1. d4 Nf6 2. Bg5 c5 3. Bxf6 gxf6 4. d5 Qb6 5. Qc1 f5 6. c4 Bh6 7. e3 d6 8. Nc3 Nd7 9. Nh3 Ne5 10. Be2 Bd7 11. Nf4 a6 12. Qc2 Qa5 13. 0-0 b5 14. cxb5 axb5 15. Nh5 0-0 16. f4 Ng6 17. Bd3 b4 18. Ne2 b3 19. axb3 Qb4 20. Neg3 Nh4 21. Bxf5 Nxf5 22. Nxf5 Bxf5 23. Qxf5 Qxb3 24. Qe4 Qb7 25. Rae1 Ra2 26. Re2 Rfa8 27. Rf3 Kh8 28. h3 Rg8 29. Rg3 Rg6 30. f5 Rxg3 31. Nxg3 Bg7 32. f6 Bxf6 33. Rf2 Ra1+ 34. Kh2 Ra8 35. Rf5 Rg8 36. Nh5 Be5+ 37. Nf4 Rg7 38. Rxe5 dxe5 39. Qxe5 f6 40. Qe6 Qxb2 41. Qc8+ Rg8 42. Qxc5 Qe5 43. Qa3 Rc8 44. Kg1 Kg8 45. d6 Qxd6 46. Qb3+ Kh8 47. Qf7 Qe5 48. Kf2 Qe4 49. Qe6 Rc2+ 50. Kf1 Rc1+ 51. Kf2 Rc2+ 52. Kf1 Qxe6 53. Nxe6 Kg8 54. Nd4 Ra2 55. Ne2 Kf7 56. Kf2 f5 57. g4 Kf6 58. gxf5 Kxf5 59. Kf3 Rxe2 60. Kxe2 Ke4 61. Kf2 Kd3 62. Kf3 e5 63. h4 h5 64. e4 Kd4 65. Kf2 Kxe4 0-1

[Event "Dubai op 13th"]
[Site "Dubai"]
[Date "2011.04.10"]
[Round "1"]
[White "Ibrohimov, Ikrom"]
[Black "Pantsulaia, Levan"]
[Result "0-1"]
[WhiteElo "2184"]
[BlackElo "2595"]
[PlyCount "96"]
[EventDate "2011.04.10"]
[EventType "swiss"]
[EventRounds "9"]
[EventCountry "UAE"]
[SourceTitle "CBM 141 Extra"]
[Source "ChessBase"]
[SourceDate "2011.05.03"]
[SourceVersion "1"]
[SourceVersionDate "2011.05.03"]
[SourceQuality "1"]

1. d4 Nf6 2. Bg5 e6 3. e4 h6 4. Bxf6 Qxf6 5. Nc3 d6 6. Qd2 g5 7. Bc4 Bg7 8. Nge2 Nc6 9. Rd1 Bd7 10. 0-0 0-0-0 11. Nb5 a6 12. Na3 Qe7 13. Rb1 Kb8 14. Rfe1 Bc8 15. b4 d5 16. exd5 exd5 17. Bd3 Qd6 18. Qc3 Bf8 19. b5 Qxa3 20. bxc6 Qxc3 21. Nxc3 b6 22. Re5 Bg7 23. Rxd5 Bxd4 24. Rxd8 Rxd8 25. Ne2 Bc5 26. Ng3 Rd6 27. Re1 Rxc6 28. Re8 Re6 29. Rh8 Kb7 30. Kf1 Bd7 31. Nf5 Bb4 32. f3 Bb5 33. Nxh6 Bxd3+ 34. cxd3 Re1+ 35. Kf2 Ra1 36. Nxf7 Rxa2+ 37. Kg3 a5 38. Nd8+ Ka6 39. Ne6 Bd6+ 40. f4 gxf4+ 41. Kf3 Rd2 42. d4 Ka7 43. Nd8 Rc2 44. d5 a4 45. Nc6+ Rxc6 46. dxc6 a3 47. Re8 a2 48. Re1 Be5 0-1